000 00622nam a2200253Ia 4500
003 OSt
005 20221007110556.0
006 a|||||r|||| 00| 0
007 ta
008 221006b |||||||| |||| 00| 0 eng d
020 _a0134800532
024 _a21,372
037 _cTextual
040 _aLCO
_cLCO
_beng
041 _2eng
_aeng
082 _aY:45, L6
100 _aFox Vernon
_9707662
245 0 _aCriminology
260 _aNew
_bJersey Prentice Hall, Inc., U.S.A.
_c1976
300 _a447
650 _aCRIMINOLOGY
942 _hY:45, L6
_cTEXL
999 _c1190935
_d1190935